000 00530nam a2200181Ia 4500
003 LK-CoDNM
005 20240228114744.0
008 010623t1893 xxu||||| |||| 00| 1 sin d
040 _aLK-CoDNM
_dLK-CoDNM
_eLK-CoDNM
041 _asin
080 _a104 W12
100 _aDe silva,L.isaac
245 _aවාසනාවන්ත සහ කාලකන්නි පවුල්
246 _aHappy and miserable
260 _bThe ceylon religious tract society
_aColombo
_c1893
300 _bDamaged
_a232p.,21 cm
942 _cBK
999 _c83819
_d83819